000 00236 a2200097 4500
001 32495
100 _aMunro, Neil
245 _aSymbolic Method in control system analysis and design
260 _aLondon
_bIEE
_c
090 _c21763
_d21763
942 _aNUST-CAE
_cM
_c13073
999 _c267568
_d267568